000 01256nam0a2200373 4500
001 RU\NLR\bibl\12906
005 20250630110536.0
010 _a5-02-011674-2
021 _aRU
_b98-29912
_91417
035 _a(NLR Aleph) 000012583
090 _a47289
_c47289
100 _a19990208d1998 |||y0rusy50 ca
101 0 _arus
102 _aRU
105 _a|||||||||||||
200 1 _aИстория и герменевтика славянской Библии
_fА.М. Камчатнов
210 _aМ.
_cНаука
_d1998
215 _a222 с.
_d21
320 _aУказ. слов: с. 205-212
320 _aУказ. библейс. чтений: с.213-218
320 _aУказ. имен: с. 219-221
320 _aБиблиогр. в подстроч. прим.
605 _aБиблия
_xТолкование
_92076441
_3RU\NLR\auth\661251586
605 _aБиблия
_2psbo
686 _aЭ37-200.212
686 _aШ5(0)961.23-332Библия
700 1 _aКамчатнов
_bА. М.
_gАлександр Михайлович
_4070
801 0 _aRU
_bNLR
_c19990208
_gPSBO
801 1 _aRU
_bNLR
_c19990208
830 _aАвт. по кн.
852 _aNLR
_j98-5/2758
942 _cBOOK
980 _aNB